000 01194nam a2200301Ia 4500
001 ebr10570976
003 CaPaEBR
006 m u
007 cr cn|||||||||
008 120809s2012 ts a s 000 0 eng d
020 _z9781608053490
040 _aCaPaEBR
_cCaPaEBR
035 _a(OCoLC)808339238
050 1 4 _aQA267
_b.S86 2012eb
100 1 _aSuprun, Sergey P.
245 1 0 _aComputers
_h[electronic resource] :
_bclassical, quantum and others /
_cSergey P. Suprun & Anatoly P. Suprun.
260 _a[Saif Zone, Sharjah, U. A. E.] :
_bBentham Science,
_c[2012]
300 _aiv, 123 p. :
_bill.
490 0 _aAlgorithms for construction of reality in physics,
_x2212-8514
533 _aElectronic reproduction.
_bPalo Alto, Calif. :
_cebrary,
_d2011.
_nAvailable via World Wide Web.
_nAccess may be limited to ebrary affiliated libraries.
650 0 _aMachine theory.
650 0 _aComputer science.
650 0 _aQuantum computers.
655 7 _aElectronic books.
_2local
700 1 _aSuprun, Anatoly P.
710 2 _aebrary, Inc.
856 4 0 _uhttp://site.ebrary.com/lib/rucke/Doc?id=10570976
_zAn electronic book accessible through the World Wide Web; click to view
999 _c80755
_d80755